000
00346nam a2200145Ia 4500
003
OSt
005
20240111125622.0
008
170524s9999 xx 000 0 und d
020
_a
9788189161163
040
_c
IIMT UNIVERSITY
100
_a
SINGH- DEV NARAYAN
245
0
_a
VYASTI ARTHVYAVASTHA
260
_b
New Delhi : Adhiyaya
942
_2
ddc
_c
02
999
_c
9449
_d
9449